01807naa a2200229 a 450000100080000000500110000800800410001902200140006010000190007424501410009326000090023452010210024365300280126465300180129265300240131065300150133470000160134970000170136570000180138270000260140077301510142611206492014-04-23 2013 bl uuuu u00u1 u #d a2236-79341 aZANATTA, J. C. aAvalia????o da produtividade de gr??os de cultivares crioulas de milho (Zea mays L.) no Planalto Sul Catarinense.h[electronic resource] c2013 aO processo de intensifica????o da agricultura pelo uso de recursos gen??ticos melhorados convencionalmente com foco na produtividade causou, al??m de outras consequ??ncias, o estreitamento da base gen??tica das plantas cultivadas gerando um processo conhecido como eros??o gen??tica. Os remanescentes desses recursos gen??ticos, conhecidos como variedades crioulas ou locais, encontram-se, principalmente, nas m??os de agricultores familiares. A conserva????o e a valoriza????o desses materiais fortalecem a autonomia e a identidade das comunidades. O conhecimento do potencial produtivo dessas variedades colabora nessa valoriza????o. O objetivo do trabalho foi de analisar a produtividade do germoplasma coletado junto a agricultores de Anita Garibaldi e Cerro Negro em Santa Catarina. Foi conduzido em blocos ao acaso com quatro repeti????es, e os tratamentos compostos pelas cultivares de milho crioulo coletadas. Demonstrou-se que as sementes crioulas podem ser t??o produtivas quanto ??s cultivares melhoradas. aagricultores familiares aConserva????o arecursos gen??ticos azea mays L1 aRECH, T. D.1 aCOSTA, M. D.1 aSANTOS, K. L.1 aFERREIRA, E. R. N. C. tIn: CONGRESSO BRASILEIRO DE AGROECOLOGIA, 8., 2013, Porto Alegre, RS. Resumos... Cruz Alta: Associa????o Brasileira de Agroecologia, 2013. p. 1-5.